000 00364nam a22001577a 4500
003 CEME
005 20210628202241.0
008 210317b xxu||||| |||| 00| 0 eng d
040 _c.
082 _a0333 WAS
100 _aMolana Muhammad Zakria
_959012
245 _aFazile durood sharif
260 _aRAWALPINDI
_bPDF
_c1997
300 _aPDF
942 _cBK
_2ddc
999 _c569068
_d569068